000 00898nam a22002177a 4500
008 230301s2021 xxk|||||o|||| 00| 0 eng d
041 _aeng
245 _aCommonwealth Anti-Corruption Benchmarks
_h[Electronic resource]
260 _aLondon,
_bThe Commonwealth,
_cApril 2021
300 _a508p
500 _aProduced by the Commonwealth Secretariat in collaboration with GIACC and RICS.
520 _aThis publication provides 25 benchmarks of good anti-corruption practice for national governments and public sector bodies.
650 _aANTI-BRIBERY
650 _aCORRUPTION
651 _aInternational
710 _aRoyal Institution of Chartered Surveyors
710 _aGlobal Infrastructure Anti-Corruption Centre
710 _aCommonwealth Secretariat
856 _uhttps://thecommonwealth.org/commonwealth-anti-corruption-benchmarks
_zAvailable online
942 _n0
999 _c121385
_d121385